Statistics for New 1M Cities in 2010 Map Quiz

Click here to take the quiz!

General Stats

  • This quiz has been taken 76 times
  • The average score is 398 of 444

Answers on the Map

Answers color-coded by a green-red scale on the quiz's map according to % correct below.
 

Answer Stats

Pop (K)City% Correct
3,954Abidjan
100%
2,060Accra
100%
1,535Adana
100%
3,126Addis Ababa
100%
1,222Adelaide
100%
1,732Agra
100%
6,250Ahmedabad
100%
3,078Aleppo
100%
4,333Alexandria
100%
2,432Algiers
100%
1,200Allahabad
100%
1,424Almaty
100%
1,397Amman
100%
1,065Amsterdam
100%
4,166Ankara
100%
1,501Anshan
100%
2,021Antananarivo
100%
1,231Asansol
100%
2,587Asuncion
100%
3,170Athens
100%
4,544Atlanta
100%
1,335Auckland
100%
5,652Baghdad
100%
2,062Baku
100%
2,207Baltimore
100%
1,886Bamako
100%
2,398Bandung
100%
8,296Bangalore
100%
8,269Bangkok
100%
1,571Baoding
100%
1,757Baotou
100%
4,934Barcelona
100%
1,871Barranquilla
100%
16,441Beijing
100%
1,990Beirut
100%
2,349Bekasi (Jakarta)
100%
2,023Belem
100%
1,336Belgrade
100%
5,409Belo Horizonte
100%
3,450Berlin
100%
1,854Bhopal
100%
2,429Birmingham
100%
8,418Bogota
100%
4,185Boston
100%
3,710Brasília
100%
1,576Brazzaville
100%
2,009Brisbane
100%
1,926Brussels
100%
1,889Bucharest
100%
1,734Budapest
100%
14,246Buenos Aires
100%
1,625Bursa
100%
3,422Busan
100%
16,899Cairo
100%
2,338Cali
100%
2,793Campinas
100%
3,604Cape Town
100%
2,899Caracas
100%
3,447Casablanca
100%
3,577Changchun
100%
3,155Changsha
100%
1,060Changwon
100%
2,501Changzhou
100%
1,128Chelyabinsk
100%
7,573Chengdu
100%
8,506Chennai
100%
8,616Chicago
100%
4,106Chittagong
100%
11,244Chongqing
100%
1,628Cincinnati
100%
1,334Ciudad Juarez
100%
1,781Cleveland
100%
2,096Coimbatore
100%
1,374Columbus
100%
1,518Conakry
100%
1,192Copenhagen
100%
1,459Cordoba
100%
3,118Curitiba
100%
2,279Daegu
100%
1,498Daejeon
100%
2,427Dakar
100%
4,180Dalian
100%
5,149Dallas
100%
2,401Damascus
100%
1,421Daqing
100%
3,870Dar es Salaam
100%
1,351Datong
100%
1,455Davao
100%
21,988Delhi
100%
2,385Denver
100%
1,752Depok (Jakarta)
100%
3,730Detroit
100%
14,731Dhaka
100%
1,187Dhanbad
100%
1,010Dnipropetrovsk
100%
7,118Dongguan
100%
2,361Douala
100%
2,949Durban
100%
3,062East Rand (Johannesburg)
100%
2,703Faisalabad
100%
3,520Fortaleza
100%
6,653Foshan
100%
5,519Fukuoka / Kitakyushu
100%
1,320Fushun
100%
2,976Fuzhou
100%
1,617Glasgow
100%
2,049Goiânia
100%
4,441Guadalajara
100%
10,278Guangzhou
100%
2,560Guatemala City
100%
2,492Guayaquil
100%
2,496Guiyang
100%
1,647Gujranwala
100%
1,471Gwangju
100%
1,775Hamburg
100%
5,758Hangzhou
100%
2,811Hanoi
100%
1,475Harare
100%
5,140Harbin
100%
2,143Havana
100%
3,027Hefei
100%
1,126Helsinki
100%
2,098Hiroshima
100%
6,189Ho Chi Minh City
100%
1,478Hohhot
100%
7,025Hong Kong
100%
4,976Houston
100%
1,232Huainan
100%
1,775Huizhou
100%
1,500 | 7,531Hyderabad
100%
2,814Ibadan
100%
2,559Incheon
100%
1,495Indianapolis
100%
2,119Indore
100%
1,714Isfahan
100%
12,585Istanbul
100%
2,703Izmir
100%
1,257Jabalpur
100%
2,992Jaipur
100%
9,626Jakarta
100%
1,322Jamshedpur
100%
3,450Jeddah
100%
1,450Jilin
100%
3,965Jinan
100%
1,291Jining
100%
1,197João Pessoa
100%
4,249Johannesburg
100%
3,289Kabul
100%
2,016Kampala
100%
1,608Kannur
100%
3,221Kano
100%
2,906Kanpur
100%
1,524Kansas City
100%
1,514Kaohsiung
100%
12,612Karachi
100%
1,551Karaj
100%
1,142Kazan
100%
1,453Kharkiv
100%
4,517Khartoum
100%
1,098Khulna
100%
9,382Kinshasa
100%
2,063Kochi
100%
14,003Kolkata
100%
1,948Kozhikode
100%
5,810Kuala Lumpur
100%
2,010Kumasi
100%
3,470Kunming
100%
1,994Kuwait City
100%
2,795Kyiv
100%
10,441Lagos
100%
8,432Lahore
100%
2,419Lanzhou
100%
1,636La Paz
100%
1,903Las Vegas
100%
1,768Leeds
100%
1,611León
100%
1,021Lille
100%
8,920Lima
100%
1,510Linyi
100%
2,812Lisbon
100%
1,608Liuzhou
100%
1,466Lome
100%
8,044London
100%
12,160Los Angeles
100%
5,300Luanda
100%
1,642Lubumbashi
100%
2,854Lucknow
100%
1,603Ludhiana
100%
1,708Luoyang
100%
1,723Lusaka
100%
1,577Lyon
100%
5,787Madrid
100%
1,448Madurai
100%
1,335Makassar
100%
1,789Manaus
100%
2,538Manchester
100%
11,887Manila
100%
1,097Maputo
100%
1,853Maracaibo
100%
1,568Marseille
100%
2,661Mashhad
100%
1,598Mbuji-Mayi
100%
1,543Mecca
100%
2,101Medan
100%
3,426Medellin
100%
1,403Meerut
100%
3,932Melbourne
100%
20,137Mexico City
100%
5,518Miami
100%
3,056Milan
100%
1,378Milwaukee
100%
2,658Minneapolis
100%
1,850Minsk
100%
1,353Mogadishu
100%
4,112Monterrey
100%
1,659Montevideo
100%
3,897Montreal
100%
11,461Moscow
100%
1,175Mosul
100%
1,592Multan
100%
18,257Mumbai
100%
1,353Munich
100%
9,098Nagoya
100%
2,471Nagpur
100%
3,237Nairobi
100%
2,589Nanchang
100%
6,162Nanjing
100%
2,802Nanning
100%
1,593Nantong
100%
2,216Naples
100%
1,531Nashik
100%
4,039New Taipei
100%
18,365New York
100%
2,786Ningbo
100%
1,253Nizhny Novgorod
100%
1,472Novosibirsk
100%
1,009Odesa
100%
1,153Omsk
100%
1,521Orlando
100%
19,313Osaka / Kobe / Kyoto
100%
1,218Ottawa
100%
1,459Palembang
100%
1,504Panama City
100%
10,460Paris
100%
2,024Patna
100%
1,722Perth
100%
1,545Peshawar
100%
5,449Philadelphia
100%
1,523Phnom Penh
100%
3,649Phoenix
100%
1,733Pittsburgh
100%
2,141Port-au-Prince
100%
1,816Port Harcourt
100%
1,857Portland
100%
1,285Porto
100%
3,842Porto Alegre
100%
1,234Prague
100%
1,666Pretoria
100%
1,191Providence
100%
2,732Puebla
100%
4,960Pune
100%
2,861Pyongyang
100%
4,512Qingdao
100%
1,358Qiqihar
100%
1,598Quito
100%
1,714Rabat
100%
1,822Rawalpindi
100%
3,559Recife
100%
12,374Rio de Janeiro
100%
1,945Riverside
100%
5,220Riyadh
100%
3,957Rome
100%
1,321Rosario
100%
1,089Rostov-on-Don
100%
1,733Sacramento
100%
3,343Salvador
100%
1,164Samara
100%
1,074Samut Prakan (Bangkok)
100%
2,084Sana'a
100%
1,771San Antonio
100%
2,964San Diego
100%
3,283San Francisco
100%
1,668San Jose
100%
1,202San José
100%
2,478San Juan
100%
1,086San Salvador
100%
1,365Santa Cruz
100%
6,269Santiago
100%
2,601Santo Domingo
100%
1,662Santos
100%
1,329São Luís
100%
19,660São Paulo
100%
2,586Sapporo
100%
3,069Seattle
100%
1,561Semarang
100%
2,176Sendai
100%
9,796Seoul
100%
20,314Shanghai
100%
3,623Shantou
100%
1,702Shaoxing
100%
5,849Shenyang
100%
10,223Shenzhen
100%
3,353Shijiazhuang
100%
1,395Shiraz
100%
2,713Shizuoka / Hamamatsu
100%
5,074Singapore
100%
1,216Sofia
100%
2,153St. Louis
100%
1,360Stockholm
100%
4,872St. Petersburg
100%
2,768Surabaya
100%
4,445Surat
100%
1,070Suwon (Seoul)
100%
3,997Suzhou
100%
4,166Sydney
100%
1,469Tabriz
100%
2,654Taipei
100%
3,131Taiyuan
100%
2,452Tampa
100%
1,806Tangerang (Jakarta)
100%
2,204Tangshan
100%
1,974Taoyuan
100%
2,244Tashkent
100%
1,079Tbilisi
100%
8,059Tehran
100%
3,311Tel Aviv
100%
1,628Thiruvananthapuram
100%
1,795Thrissur
100%
10,150Tianjin
100%
1,754Tijuana
100%
36,860Tokyo / Yokohama
100%
1,940Toluca
100%
5,499Toronto
100%
1,095Tripoli
100%
2,014Tunis
100%
1,737Turin
100%
1,062Ufa
100%
2,811Urumqi
100%
1,798Vadodara
100%
1,647Valencia
100%
2,278Vancouver
100%
1,417Varanasi
100%
1,731Vienna
100%
1,443Vijayawada
100%
1,441Virginia Beach
100%
1,700Visakhapatnam
100%
1,685Vitoria
100%
1,021Volgograd
100%
1,703Warsaw
100%
4,604Washington
100%
1,821Weifang
100%
2,678Wenzhou
100%
7,515Wuhan
100%
2,722Wuxi
100%
3,040Xiamen
100%
5,526Xi'an
100%
1,426Xiangyang
100%
1,722Xuzhou
100%
4,381Yangon
100%
1,572Yangzhou
100%
1,777Yantai
100%
2,349Yaounde
100%
1,348Yekaterinburg
100%
1,066Yerevan
100%
3,630Zhengzhou
100%
2,682Zhongshan
100%
1,358Zhuhai
100%
2,250Zibo
100%
1,257Zurich
100%
1,100Dublin
84%
1,138Ulaanbaatar
79%
1,137Edmonton
77%
1,003Rotterdam
77%
1,190Calgary
76%
1,875Dubai
76%
1,070Jacksonville
76%
1,056Monrovia
76%
1,742Ouagadougou
74%
1,106Port Elizabeth
73%
1,025Salt Lake City
73%
1,039Fes
69%
1,814Abuja
68%
1,265Charlotte
68%
1,062Memphis
66%
1,043Tegucigalpa
66%
1,377Austin
65%
1,009Cologne
65%
1,106Medina
65%
1,113Basra
63%
1,047Haifa
56%
1,108Mandalay
55%
1,298Gaziantep
53%
1,060Qom
53%
1,022Konya
50%
1,136Natal
50%
1,296Benin City
47%
1,341Homs
45%
1,171Amritsar
42%
1,077Ahvaz
39%
1,492Haikou
39%
1,361Rajkot
39%
1,244Srinagar
34%
1,078Barquisimeto
32%
1,146Chon Buri
31%
1,042San Luis Potosí
31%
1,055Durg / Bhilai
29%
1,010Florianópolis
29%
1,065Maracay
29%
1,117Jodhpur
27%
1,140Taichung
27%
1,075Bucaramanga
26%
1,154Maceió
26%
1,063Torreón
26%
1,099Querétaro
24%
1,093Raipur
24%
1,107Ranchi
24%
1,170Aurangabad
19%
1,044Cixi
19%
1,114Joinville
19%
1,139Quanzhou
19%
1,088Wuhu
18%
1,085Gwalior
16%
1,641Huai'an
16%
1,086Putian
16%
1,076Qinhuangdao
16%
1,410Táizhōu
16%
1,045Tàizhōu
16%
1,142Xining
16%
1,133Yinchuan
16%
1,830Handan
15%
1,031Zhanjiang
15%
1,454Jiangmen
13%
1,057Mianyang
13%
1,117Tai'an
13%
1,013Tiruchirappalli
13%
1,462Yancheng
13%
1,035Yichang
13%
1,070Kollam
11%
1,289Lianyungang
11%
1,616Malappuram
11%
1,232Chaozhou
10%
1,103Hengyang
10%
1,125Zhangjiakou
10%

Score Distribution

Percentile by Number Answered

Percent of People with Each Score

Your Score History

You have not taken this quiz